| 000 | 00679cab a2200229 4500 | ||
|---|---|---|---|
| 001 | ABS59707 | ||
| 008 | 090401t1998 xxu||||| |||| 00| 0 eng d | ||
| 035 | _a(Sirsi) u89978 | ||
| 041 | _aeng | ||
| 245 | _aWorking Time Regulations | ||
| 260 | _c1998 | ||
| 350 | _a0 | ||
| 490 |
_aBulletpoint _v(56) November/December 1998, 6(1) |
||
| 520 | _aSummarises the provisions of the Working Time Regulations, looking at the implications and the legal ambiguities. | ||
| 650 | _aEMPLOYEES RIGHTS | ||
| 650 | _aEXEMPTIONS | ||
| 650 | _aIMPLICATIONS | ||
| 650 | _aWORKING TIME REGULATIONS | ||
| 690 | _aOFFICE SERVICES AND ADMINISTRATION | ||
| 942 | _n0 | ||
| 948 | _c26/11/1998 | ||
| 999 |
_c56974 _d56974 |
||